00541nam a22001697a 450000500170000001000150001702000260003203500140005803700130007208200190008510000200010424501280012426000420025227000380029430000200033250000190035220170628111226.0 aENG-118970 a9788180642449c300.00 aEN-102502 bDBAD/PUB a331.8836095414 aKayal, Anuradha aOrganization and movement of white collar employees of west bengal in the post-colonial period 1947-77 /cby Anuradha Kayal aKolkatabProgressive Publishersc2017 a37A, Colege Street Kolkata-700073 a348pc22cm.(Hb) aIncludes index